Socio-economic and environmental impact assessment of family type biogas plants in Guna District of Madhya Pradesh (Record no. 20262)
[ view plain ]
| 000 -LEADER | |
|---|---|
| fixed length control field | 00567nam a2200133Ia 4500 |
| 082 ## - DEWEY DECIMAL CLASSIFICATION NUMBER | |
| Classification number | RS.0883 |
| 100 ## - MAIN ENTRY--AUTHOR NAME | |
| Personal name | Srivastava, Rajeev |
| Affiliation | Jaypee University of Engineering and Technology |
| Place | Guna, Madhya Pradesh |
| 245 #0 - TITLE STATEMENT | |
| Title | Socio-economic and environmental impact assessment of family type biogas plants in Guna District of Madhya Pradesh |
| Sub Title | : |
| 260 ## - PUBLICATION, DISTRIBUTION, ETC. (IMPRINT) | |
| Year of publication | 2014 |
| Place of publication | Guna |
| 300 ## - PHYSICAL DESCRIPTION | |
| Number of Pages | vi, 118p |
| 536 ## - FUNDING INFORMATION NOTE | |
| Funding Agency | Indian Council of Social Science Research, New Delhi |
| 650 ## - SUBJECT ADDED ENTRY--TOPICAL TERM | |
| Topical Term | Socio-economic |
| Form subdivision | Environmental assessment |
| -- | Social aspects |
| -- | Biogas |
| Geographic subdivision | Guna |
| -- | Madhya Pradesh |
| 942 ## - ADDED ENTRY ELEMENTS (KOHA) | |
| Koha item type | Research Reports |
| Source of classification or shelving scheme | Dewey Decimal Classification |
| Withdrawn status | Lost status | Damaged status | Not for loan | Collection code | Home library | Current library | Date acquired | Source of acquisition | Bill Date | Full call number | Accession Number | Price effective from | Koha item type |
|---|---|---|---|---|---|---|---|---|---|---|---|---|---|
| Not For Loan | ICSSR Research Project Reports | NASSDOC Library | NASSDOC Library | 05/10/2017 | Gifted by : RP, Division, ICSSR | 2017-09-21 | RS.0883 | 49393 | 18/04/2019 | Research Reports |
